Normal view
MARC view
- Kanetkay, P
Entry Personal Name
001 - CONTROL NUMBER
- control field: 7430
003 - CONTROL NUMBER IDENTIFIER
- control field: OSt
005 - DATE AND TIME OF LATEST TRANSACTION
- control field: 20250423144548.0
008 - FIXED-LENGTH DATA ELEMENTS
- fixed length control field: 250423|| aca||aabn | a|a d
040 ## - CATALOGING SOURCE
- Original cataloging agency: OSt
- Transcribing agency: OSt
100 ## - HEADING--PERSONAL NAME
- Personal name: Kanetkay, P
670 ## - SOURCE DATA FOUND
- Source citation: Work cat.: (OSt)1923: Kanetkay, P ., Surveying Levelling Part I / , 1984.
